00924nam0a22002411 4500001003100000005001700031035002600048100004100074101000800115102000700123105001800130200026600148210004700414215002000461320003200481620001700513686002500530686002300555700002900578801002700607801002300634852002500657RU\INFOCOMM_322\NLR\500012911920250613105320.0 a(NLR Aleph) 009525358 a20130109d1985 |||y0rusy50 ca0 aeng aRU ay z |||||1 aToxigenic penicillia occurring in feeds and foods, with special reference to mould-fermented sausage and cheesefL. LeistnergFAO, UNEP, USSR Intern. training course "Training activities on food contamination control a. monitoring with spec. ref. to mycotoxins" aM.cCentre of intern. projects, GKNTd1985 a10 с.d21 см aБиблиогр.: с. 9-10 aМосква aР123.851.3-42rubbk aР123.852-42rubbk 1aLeistnerbL.gLászló 1aRUbInfocommc20130109 0aRUbINFOCOMMgPSBO aNLRjМд97 Д-4/913